Szczegóły MARC21

Lexikon, Aufgaben und Lösungen /

003 -Nazwa inst., której nr kontr. jest w polu 001 [,]
    • @
    • Nazwa instytucji, której n kontrolny jest w polu 001
    • NUKAT
005 -DATA I CZAS OSTATNIEJ MODYFIKACJI [,]
    • @
    • pole kontrolne
    • 20241231090448.0
020 -Międzynarod. znormalizowany nr książki - ISBN [ , ]
    • a
    • Numer ISBN
    • 3825212815 Find
    • q
    • Dopowiedzenie
    • UTB
020 -Międzynarod. znormalizowany nr książki - ISBN [ , ]
    • a
    • Numer ISBN
    • 3437403001 Find
    • q
    • Dopowiedzenie
    • G. Fischer
040 -Instytucja sporządzająca opis [ , ]
    • a
    • Instytucja, która sporządziła opis (NP)
    • KR U/46EG
    • c
    • Instytucja, która sporządziła rekord (NP)
    • KR U/46EG
942 -Rodzaj dokumentu [ , ]
    • c
    • Rodzaj dokumentu
    • Książka
100 -Hasło główne - nazwa osobowa [1, ]
    • a
    • Nazwa osobowa (NP)
    • Hansen, Hans-Robert
    • d
    • Daty biograficzne (NP)
    • (1941- ).
    • 9
    • KHW
    • 534379
245 -Strefa tytułu i oznaczenia odpowiedzialności [1,0]
    • a
    • Tytuł
    • Lexikon, Aufgaben und Lösungen / Find
    • c
    • Pozostałe elementy strefy tytułu i oznaczenia odpowiedzialności (NP)
    • Hans Robert Hansen.
250 -Strefa wydania [ , ]
    • a
    • Oznaczenie wydania (NP)
    • 4., vollig neubearb. und stark erw. Aufl.
260 -Strefa adresu wydawniczego [ , ]
    • a
    • Miejsce wydania (P)
    • Stuttgart ;
    • a
    • Miejsce wydania (P)
    • Jena :
    • b
    • Nazwa wydawcy (P)
    • Gustav Fischer Verlag,
    • c
    • Data wydania (P)
    • 1993.
300 -Strefa opisu fizycznego [ , ]
    • a
    • Określenie formy książki i/lub objętość (NP)
    • V, 637 s. :
    • b
    • Oznaczenie ilustracji (NP)
    • il. ;
    • c
    • Format (NP)
    • 19 cm.
336 -Typ zawartości [ , ]
    • a
    • Termin opisujący typ zawartości
    • Tekst
    • b
    • Kod określający zawartość
    • txt
    • 2
    • Źródło (terminu i kodu)
    • rdacontent
337 -Typ mediów [ , ]
    • a
    • Tryb odtwarzania
    • Bez urządzenia pośredniczącego
    • b
    • Kod typu mediów
    • n
    • 2
    • Źródło (terminu i kodu)
    • rdamedia
338 -Typ/rodzaj nośnika [ , ]
    • a
    • Hasło opisujące typ nośnika
    • Wolumin
    • b
    • Kod typu nośnika
    • nc
    • 2
    • Źródło (terminu i kodu)
    • rdacarrier
490 -Strefa serii i książki wielotomowej - forma nie do wyszukiwania [1, ]
    • a
    • Tytuł (P)
    • Grundwissen der Ökonomik : Betriebswirtschaftslehre Find
490 -Strefa serii i książki wielotomowej - forma nie do wyszukiwania [1, ]
    • a
    • Tytuł (P)
    • UTB für Wissenschaft ; Find
    • v
    • Numeracja (P)
    • 1281
490 -Strefa serii i książki wielotomowej - forma nie do wyszukiwania [1, ]
    • a
    • Tytuł (P)
    • Arbeitsbuch Wirtschaftsinformatik / Hans-Robert Hansen ; Find
    • v
    • Numeracja (P)
    • 1
830 -Hasło dodatkowe serii i opisu książki wielotomowej - tytuł ujednolicony/tytuł [ ,0]
    • a
    • Tytuł ujednolicony/tytuł (NP)
    • Grundwissen der Ökonomik.
    • p
    • Nazwa części/podserii/sekcji (P)
    • Betriebswirtschaftslehre
    • 9
    • KHW
    • 527339
830 -Hasło dodatkowe serii i opisu książki wielotomowej - tytuł ujednolicony/tytuł [ ,0]
    • a
    • Tytuł ujednolicony/tytuł (NP)
    • UTB Uni-Taschenbücher
    • x
    • ISSN
    • 0340-7225
    • v
    • Oznaczenie tomu (NP)
    • 1281
    • 9
    • KHW
    • 15685
800 -Hasło dodatkowe opisu książki wielotomowej - nazwa osobowa [1, ]
    • a
    • Nazwa osobowa (NP)
    • Hansen, Hans-Robert
    • d
    • Daty biograficzne (NP)
    • (1941- ).
    • t
    • Tytuł ujednolicony/tytuł (NP)
    • Arbeitsbuch Wirtschaftsinformatik
    • v
    • Oznaczenie tomu (NP)
    • 1
    • 9
    • KHW
    • 592248
920 -ISBN [ , ]
    • a
    • ISBN
    • 3-8252-1281-5 Find
    • q
    • Dopowiedzenie
    • UTB
920 -ISBN [ , ]
    • a
    • ISBN
    • 3-437-40300-1 Find
    • q
    • Dopowiedzenie
    • G. Fischer
Lokalizacja Data inwentaryzacji Status udost. Numer inwentarzowy Sygnatura
BE1998-10-13-6S.82700 
BE1998-10-13-6S.82701FUNDACJA POLSKO-NIEMIECKA
BE1998-10-13-6S.82702FUNDACJA POLSKO-NIEMIECKA
BE1998-10-132S.82703FUNDACJA POLSKO-NIEMIECKA
BE1998-10-132S.82704FUNDACJA POLSKO-NIEMIECKA
BE1998-10-132S.82705FUNDACJA POLSKO-NIEMIECKA
BE1998-10-132S.82706FUNDACJA POLSKO-NIEMIECKA
BE1997-02-13-2E.64114FUNDACJA POLSKO-NIEMIECKA
BE2001-01-09-2S.87440